A vraj krajina bez dynastií

Farmaceutický priemysel na Slovensku - rodinná firma Dubajovcov a Žuffovcov v Nitre.

Na minha lista:
Detalhes bibliográficos
Autor principal: Haluza, Ivan
Formato: Capítulo de Livro
Idioma:eslovaco
Assuntos:
Tags: Adicionar Tag
Sem tags, seja o primeiro a adicionar uma tag!

MARC

LEADER 00000naa a2200000 4500
001 0149032
005 20231113075347.4
041 0 |a slo 
044 |a SK 
245 1 0 |a A vraj krajina bez dynastií  |c Ivan Haluza 
520 |a Farmaceutický priemysel na Slovensku - rodinná firma Dubajovcov a Žuffovcov v Nitre. 
610 2 0 |a podnikanie rodinné 
610 2 0 |a priemysel farmaceutický 
610 2 0 |a Slovensko 
100 1 |a Haluza, Ivan